000 00396nam a2200157Ia 4500
008 160316s1990 xxu||||| |||| 00| 0 eng d
082 _a365.660000
_bEDU
100 _a
245 _aEducation in prision
250 _a
260 _aStrasbourg
_bCouncil of Euorpe
_c1990
300 _a86p
_b
_c
365 _b
650 _a1.Educational Facility - Prisioners - Recommendations
700 _a
_a
999 _c16916
_d16916